| 000 | 00657cam a2200217 a 4500 | ||
|---|---|---|---|
| 001 | 000034600 | ||
| 005 | 20230417152700.0 | ||
| 008 | 860225s2004 sp 000 d spa d | ||
| 020 | _a8497645391 | ||
| 040 |
_aDO-SdBNP _bspa _cBNPHU |
||
| 082 |
_axxxx _bS527H |
||
| 100 | 1 |
_aShakespeare, William, _d1564-1616 _96748 |
|
| 245 | 1 | 0 |
_aHamlet / _cWilliam Shakespeare. |
| 260 |
_aMadrid : _bEDIMAT Libros, _c[2004]. |
||
| 300 |
_a186 p. ; _c20 cm. |
||
| 490 | 1 |
_aClásicos de la literatura. _aTeatro |
|
| 650 | 0 |
_aTeatro inglés _96749 |
|
| 650 | 4 |
_aLiteratura inglesa _ySIGLO XVI _96750 |
|
| 830 | 0 |
_aClásicos de la literatura. _pTeatro _960039 |
|
| 049 | _aBNGR | ||
| 999 |
_c34091 _d34091 |
||